| 000 | 00733nam a2200265 i 4500 | ||
|---|---|---|---|
| 001 | C2-0068538 | ||
| 003 | PPAK | ||
| 005 | 20190630222128.0 | ||
| 008 | 970309s1995 xxua|||| ||||| | eng d | ||
| 020 | _a0873227212 | ||
| 040 |
_aPPAK _beng _cPPAK _erda |
||
| 082 | 0 | 4 |
_a796.343 _223 |
| 090 | 0 | 0 |
_a796.343 _bTUR _dR |
| 100 | 1 |
_aTurner, Edward T., _eauthor |
|
| 245 | 1 | 0 |
_aWinning racquetball : _bskill, drills, and strategies |
| 250 | _arev. ed. | ||
| 264 | 1 |
_aUnited States : _bHuman Kinetics , _c1995 |
|
| 300 |
_avii, 277 pages : _billustrations ; _c23 cm |
||
| 336 |
_2rdacontent _atext |
||
| 337 |
_2rdamedia _aunmediated |
||
| 338 |
_2rdacarrier _avolume |
||
| 650 | 1 | 0 | _aRacquetball |
| 700 | _eauthor | ||
| 942 |
_ddc _cB |
||
| 999 |
_c7798 _d7798 |
||